| 000 | 00592nam a2200181 4500 | ||
|---|---|---|---|
| 005 | 20240328113135.0 | ||
| 010 | _aENG-139949 | ||
| 020 |
_a9788194676218 _c949.00 |
||
| 035 | _aEN-123481 | ||
| 037 | _bDBAD | ||
| 082 | _a920 | ||
| 100 |
_aThobela, Josiah _964040 |
||
| 245 |
_aVictim of the 'Evil System' : _cby Josiah Thobela _b " I'm a breed of apartheid...read my story !" / |
||
| 260 |
_aKolkata _bExceller Books _c2020 |
||
| 270 |
_aG1 Dream Apartment , Degree College Road, Belgharia, _bKolkata _e700056 |
||
| 300 |
_a237p. _c21cm(pbk) |
||
| 942 |
_2ddc _cEN _h920 _mTHO |
||
| 999 |
_c201828 _d201828 |
||